| 000 | 01001nam a2200217Ia 4500 | ||
|---|---|---|---|
| 008 | 191130s1980##################000#0#eng## | ||
| 020 | _a9783598107870 | ||
| 022 | _a81194446 | ||
| 040 |
_aACL _cACL |
||
| 082 | _a016.193 VON.1 | ||
| 100 | _aSteinhauer, Kurt | ||
| 245 |
_aHegel bibliography : background material on the international reception of Hegel within the context of the history of philosophy _ccompiled by Kurt Steinhauer ; keyword index by Gitta Hausen = Hegel Bibliographie : Materialien zur Geschichte der internationalen Hegel-Rezeption und zur Philosophie-Geschichte / Zusammengestellt von Kurt Steinhauer ; Stichwortregister von Gitta Hausen |
||
| 260 |
_aMünchen ; New York _bK.G. Saur _c1980 |
||
| 300 | _axvi, 894 p. ; 24 cm | ||
| 500 | _aEnglish and German. Includes indexes | ||
| 650 | _aHegel, Georg Wilhelm Friedrich, 1770-1831 - Bibliography | ||
| 700 | _aHausen, Gitta | ||
| 990 | _ab4a22614ac10000c7dd5603db76e2246 | ||
| 991 | _a433754 | ||
| 999 |
_c237912 _d237912 |
||